MARC

LEADER 00000nam0a2200000 4500
001 329015
005 20260318165349.0
035 |a (RuTPU)RU\TPU\book\354755 
090 |a 329015 
100 |a 20170302d1974 k y0rusy50 ca 
101 0 |a rus 
102 |a RU 
105 |a y z 001zd 
200 1 |a Маркс, Энгельс, марксизм  |e [сборник]  |f В. И. Ленин  |g Институт марксизма-ленинизма (ИМЛ) 
205 |a 7-е изд., доп. 
210 |a Москва  |c Политиздат  |d 1974 
215 |a 535 с. 
320 |a Предметный указатель: с. 492-520 
320 |a Указатель цитируемых произведений: с. 521-525 
320 |a Указатель имен: с. 526-530 
600 1 |a Маркс  |g Карл  |b К.  |c немецкий мыслитель  |c общественный деятель  |c основоположник марксизма  |f 1818-1883  |2 stltpush  |3 (RuTPU)RU\TPU\pers\297 
600 1 |a Энгельс  |g Фридрих  |b Ф.  |c немецкий мыслитель и общественный деятель  |c один из основоположников марксизма  |f 1820-1895  |2 stltpush  |3 (RuTPU)RU\TPU\pers\530 
600 1 |a Ленин  |b В. И.  |c настоящая фамилия Ульянов  |c российский политический деятель  |f 1870-1924  |g Владимир Ильич  |2 stltpush  |3 (RuTPU)RU\TPU\pers\1074  |9 486 
606 |a Ленин В. И.  |j Сборники произведений  |7 ca  |8 rus  |2 stltpush  |3 (RuTPU)RU\TPU\subj\73215  |9 86346 
610 1 |a марксизм-ленинизм 
610 1 |a марксисткие исследования 
610 1 |a марксистская философия 
610 1 |a политическая экономия 
610 1 |a научный коммунизм 
610 1 |a письма 
610 1 |a статьи 
610 1 |a сборники 
686 |a Т3(2)6-8Ленин155.2  |v LBC/SL-A  |2 rubbk 
700 1 |a Ленин  |b В. И.  |c настоящая фамилия Ульянов  |c российский политический деятель  |f 1870-1924  |g Владимир Ильич  |2 stltpush  |3 (RuTPU)RU\TPU\pers\1074  |9 486 
712 0 2 |a Институт марксизма-ленинизма (ИМЛ)  |c (Москва)  |c (1956-1991)  |2 stltpush  |3 (RuTPU)RU\TPU\col\4702 
801 1 |a RU  |b 63413507  |c 20170302 
801 2 |a RU  |b 63413507  |c 20210412  |g RCR 
942 |c BK